Color Names Quiz - Statistics

General Stats
  • This quiz has been taken 75 times
    70 since last reset
  • The average score is 48 of 154
Answer Stats
Hint Answer % Correct
B blue
94%
G green
91%
Y yellow
91%
B black
88%
R red
88%
W white
88%
P pink
85%
O orange
82%
P purple
82%
G grey
79%
B brown
76%
G gold
74%
N navy
71%
S silver
71%
V violet
71%
I indigo
68%
L lime
65%
P pear
65%
R rose
62%
T tan
62%
B bronze
59%
L lilac
59%
E emerald
56%
L lavender
56%
M magenta
56%
M maroon
56%
C cyan
53%
L lemon
53%
R ruby
53%
T teal
53%
T turquoise
53%
A amber
50%
B beige
50%
O olive
50%
P peach
50%
S sapphire
50%
A aquamarine
47%
C chartreuse
47%
C copper
47%
J jade
47%
S scarlet
47%
A amethyst
44%
V vermillion
44%
P periwinkle
41%
M mauve
38%
A azure
35%
C cerulean
35%
C chocolate
35%
C cream
35%
C crimson
35%
I ivory
35%
K khaki
35%
O ochre
35%
T tangerine
35%
T taupe
35%
O opal
32%
S salmon
32%
A apricot
29%
C charcoal
29%
C cherry
29%
M melon
29%
T topaz
29%
B brick
26%
B burgundy
26%
C cobalt
26%
C coral
26%
E ebony
26%
M mint
26%
P puce
26%
R raspberry
26%
S sienna
26%
C carmine
24%
E eggplant
24%
F fuchsia
24%
L lapis
24%
P pearl
24%
P persimmon
24%
P pumpkin
24%
R russet
24%
S sage
24%
S sand
24%
S steel
24%
S straw
24%
S strawberry
24%
C cornflower
21%
J jasmine
21%
J jet
21%
O onyx
21%
P plum
21%
R rust
21%
S slate
21%
U ultramarine
21%
U umber
21%
A ash
18%
B blush
18%
C cardinal
18%
C cerise
18%
E ecru
18%
E eggshell
18%
M marigold
18%
M midnight
18%
M mustard
18%
P platinum
18%
W wine
18%
A almond
15%
A auburn
15%
B brass
15%
G grape
15%
I iris
15%
M moss
15%
S sunset
15%
T tomato
15%
V vanilla
15%
V viridian
15%
A alabaster
12%
C caramel
12%
C coffee
12%
G garnet
12%
M madder
12%
M mocha
12%
M mulberry
12%
T terracotta
12%
W walnut
12%
W wheat
12%
B bone
9%
C camel
9%
C chestnut
9%
C cinnabar
9%
C claret
9%
D desert
9%
H heliotrope
9%
L linen
9%
O orchid
9%
P peridot
9%
P pistachio
9%
P pomegranate
9%
S smoke
9%
B buff
6%
C celadon
6%
C citrine
6%
D dun
6%
F fawn
6%
O oatmeal
6%
S saffron
6%
T tawny
6%
V verdigris
6%
B bisque
3%
B butterscotch
3%
C champagne
3%
K kelly
3%
M malachite
3%
O oxblood
3%
P pecan
3%
F flax
0%
No matching quizzes found
Score Distribution
Percent of People with Each Score
Percentile by Number Answered
Your Score History
You have not taken this quiz since the last reset